Catálogo - Centro de Recursos para el Aprendizaje y la Investigación

Volver al Sitio - CRAI Biblioteca

Feminicidio en la República Dominicana : (Registro nro. 113388)

Detalles MARC
000 -CABECERA
campo de control de longitud fija 01148nam a2200289 4500
001 - NÚMERO DE CONTROL
campo de control 113388
003 - IDENTIFICADOR DEL NÚMERO DE CONTROL
campo de control DR-UNIBE
005 - FECHA Y HORA DE LA ÚLTIMA TRANSACCIÓN
campo de control 20250910062614.0
008 - DATOS DE LONGITUD FIJA--INFORMACIÓN GENERAL
campo de control de longitud fija 250327b2002 dr ||||| |||| 00| 0 spa d
040 ## - FUENTE DE LA CATALOGACIÓN
Centro catalogador/agencia de origen BIBLIOTECA UNIBE
Centro/agencia transcriptor BIBLIOTECA UNIBE
Normas de descripción rda
Lengua de catalogación spa
041 ## - CÓDIGO DE LENGUA
Código de lengua del texto/banda sonora o título independiente spa
082 ## - NÚMERO DE LA CLASIFICACIÓN DECIMAL DEWEY
Número de clasificación RD 364.3 F329r
245 00 - MENCIÓN DE TÍTULO
Título Feminicidio en la República Dominicana :
Resto del título un estudio de los casos ocurridos en los distritos judiciales de Santo Domingo y Santiago en el período enero-diciembre del 2001
260 ## - PUBLICACIÓN, DISTRIBUCIÓN, ETC.
Lugar de publicación, distribución, etc. Santo Domingo :
Nombre del editor, distribuidor, etc. Asociación Dominicana Pro-Bienestar de la Familia (PROFAMILIA),
Fecha de publicación, distribución, etc. 2002
300 ## - DESCRIPCIÓN FÍSICA
Extensión 201 páginas
650 #7 - PUNTO DE ACCESO ADICIONAL DE MATERIA--TÉRMINO DE MATERIA
Término de materia o nombre geográfico como elemento de entrada Violencia
Fuente del encabezamiento o término lemb
650 #7 - PUNTO DE ACCESO ADICIONAL DE MATERIA--TÉRMINO DE MATERIA
Término de materia o nombre geográfico como elemento de entrada Violencia contra la mujer
Fuente del encabezamiento o término lemb
650 #7 - PUNTO DE ACCESO ADICIONAL DE MATERIA--TÉRMINO DE MATERIA
Término de materia o nombre geográfico como elemento de entrada Delitos contra la mujer
Fuente del encabezamiento o término lemb
9 (RLIN) 5724
653 ## - TÉRMINO DE INDIZACIÓN--NO CONTROLADO
Término no controlado Feminicidio
700 ## - PUNTO DE ACCESO ADICIONAL--NOMBRE DE PERSONA
Nombre de persona Pola Zapico, María Jesús (Susi)
Término indicativo de función/relación investigador
9 (RLIN) 26214
700 1# - PUNTO DE ACCESO ADICIONAL--NOMBRE DE PERSONA
Nombre de persona Flores Chang, Myrna
Término indicativo de función/relación coordinador
9 (RLIN) 193777
700 1# - PUNTO DE ACCESO ADICIONAL--NOMBRE DE PERSONA
Nombre de persona Mata, Mildred
Término indicativo de función/relación colaborador
9 (RLIN) 195873
700 1# - PUNTO DE ACCESO ADICIONAL--NOMBRE DE PERSONA
Nombre de persona Camilo, Janet
Término indicativo de función/relación colaborador
9 (RLIN) 195874
700 1# - PUNTO DE ACCESO ADICIONAL--NOMBRE DE PERSONA
Nombre de persona Ramos, Ana María
Término indicativo de función/relación revisión de estilo
9 (RLIN) 195875
700 1# - PUNTO DE ACCESO ADICIONAL--NOMBRE DE PERSONA
Nombre de persona Caram, Magaly
Término indicativo de función/relación presentación
9 (RLIN) 147456
942 ## - ELEMENTOS DE PUNTO DE ACCESO ADICIONAL (KOHA)
Fuente del sistema de clasificación o colocación Sistema de Clasificación Decimal Dewey
Tipo de ítem Koha Libro (general)
Existencias
Estado de retiro Estado de pérdida Fuente del sistema de clasificación o colocación No para préstamo Código de colección Localización permanente Fecha de adquisición Total de préstamos Signatura topográfica completa Código de barras Fecha visto por última vez Número de copia Precio válido a partir de Tipo de ítem Koha
  Disponible Sistema de Clasificación Decimal Dewey   General - Libros dominicanos Biblioteca Central UNIBE 01/03/2025   RD 364.3 F329r 250207 02/04/2025 Ej. 1 02/04/2025 Libro (general)
  Disponible Sistema de Clasificación Decimal Dewey   General - Libros dominicanos Biblioteca Central UNIBE 23/03/2025   RD 364.3 F329r 250512 23/05/2025 Ej. 2 23/05/2025 Libro (general)